00898cam a2200265 a 45000010008000000030004000080050017000120080041000290100017000700200025000870400018001120430012001300500017001420820028001591000025001872450088002122500012003002600061003123000025003735040064003986500047004626500044005096500039005536500040005922470252OSt20210209122444.0900206s1990 nyu 001 0 eng  a 90032321  a0394570596 :c$19.95 aDLCcDLCdDLC an-us---00aJK526bT238S00a324.973/0927220bT238S1 aTaylor, Paul,d1949-10aSee how they run :belecting the president in an age of mediaocracy /cPaul Taylor. a1st ed. aNew York :bKnopf :bDistributed by Random House,c1990. axi, 305 p. ;c24 cm. aIncludes bibliographical references (p. 285-289) and index. 0aPresidentszUnited StatesxElectiony1988. 0aPolitical participationzUnited States. 0aPress and politicszUnited States. 0aPolitical campaignszUnited States.